00488 2200169 4500245006200000020002200062250001100084100000900095650002300104005001900127260003000146041001400176084000800190300002300198500008800221336000900309 aThe Darkness b : Lari atau Ucapkan MantramucHudahText a978-602-242-103-0 aCet. 1 aHuda aCerita Petualangan a20231005092846 aBandungbDAR! Mizanc2013 aIndonesia a813 a168 hlm. :cillus. adengan mengendarai naga, sam melewati jembatanmerah dan menghindari danau kematian. atext